000 00326 a2200157 4500
001 169796
020 _a
040 _cMagnum
100 _aMelo, Ana Lucia Gomes de
240 1 0 _aConte comigo
_lpor
245 1 0 _aConte comigo
362 0 _a1899
440 1 _aDimensão
697 _aJ/SOCIEDADE, COTIDIANO
942 _cBK
999 _c169796
_d169796